| 000 | 00826nam a2200217 a 4500 | ||
|---|---|---|---|
| 005 | 20210219160159.0 | ||
| 008 | 080923s1979 mx r 000 0 spa d | ||
| 035 | _aUPN01000160283 | ||
| 049 | _aUNE | ||
| 080 | _a374.014. 22 (7/8) MED No.6. | ||
| 100 | 1 | _aMedina, Guillermo A. | |
| 245 | 1 | 3 |
_aLa Educación permanente en América Latina : _bestado, situación y políticas de la UNESCO en este campo / _cGuillermo A. Medina. |
| 260 |
_aPátzcuaro, Mich., México : _bCREFAL, _c1979. |
||
| 300 | _a24 p. | ||
| 440 | 0 |
_aCuadernos del CREFAL ; _v6. |
|
| 500 | _aIncluye bibliografía. | ||
| 690 | _aEducacion permanente- America Latina | ||
| 690 | _aAmerica Latina- Educacion permanente | ||
| 710 | 2 | _aCREFAL. Centro Regional de Educación de Adultos y Alfabetización Funcional para América Latina. | |
| 905 | _aUNESCO | ||
| 999 |
_c132397 _d132397 |
||